banner-ar

GOETHES GEHEIMES VERMACHTNIE: DIE BOTSCHAFTEN IM FAUST ENSCHLUSSELT / (Record no. 16005)

MARC details
000 -الفاتح
حقل البيانات ثابتة الطول 00449nam a2200169Ia 4500
040 ## - مصدر الفهرسة
وكالة الفهرسة الأصلية GCL /
وكالة النسخ GCL
082 04 - رقم تصنيف ديوى العشرى
رقم التصنيف 780.92
رقم المادة D G
100 1# - المدخل الرئيسى - إسم شخصى
الإسم الشخصى DIMDE, MANFRED
245 10 - بيان العنوان
العنوان GOETHES GEHEIMES VERMACHTNIE: DIE BOTSCHAFTEN IM FAUST ENSCHLUSSELT /
بيان المسئوليه,etc DIMDE, MANFRED
260 ## - PUBLICATION, DISTRIBUTION, ETC. (IMPRINT)
تاريخ النشر أو التوزيع 1995
300 ## - الوصف المادى
التعداد 264 P
650 04 - المدخل الاضافى بالموضوع-مصطلح موضوعى
مصطلح موضوعي MUSIC
650 04 - المدخل الاضافى بالموضوع-مصطلح موضوعى
مصطلح موضوعي MUSICIANS - BIOGRAPHIES
650 04 - المدخل الاضافى بالموضوع-مصطلح موضوعى
مصطلح موضوعي GERMAN MUSICAINS
942 ## - عناصر المدخل الإضافي( كوها)
مصدر التصنيف او مخطط الترفيف Dewey Decimal Classification
Koha [default] item type كتاب
260 ## - PUBLICATION, DISTRIBUTION, ETC. (IMPRINT)
-- [S.N] :
-- BETTENDORF ،
Holdings
حالة التراجع حالة الفقد حالة تلف ليس للاعارة المكان المؤقت الموقع الحالى تاريخ الاكتساب اجمالي اﻻعارات رقم الطلب الباركود تاريخ اخر مشاهدة تاريخ تفعيل السعر نوع وعاء كوها
        مكتبة القاهرة الكبرى مكتبة القاهرة الكبرى 03/26/2014   780.92\D G 29326 03/26/2014 03/26/2014 كتاب

Powered By

EGPV